000 00450cab a22001695 4500
001 62227
005 20230410101736.0
008 081002e2002 ht wrzp a 0 0fre d
020 _a9993520462
041 _afre
050 1 4 _a110 PQ 3949.3
_bH519p 2002
100 1 _aHenriquez, Pradel
245 1 3 _aLe passage á l'aube: poéme(s) /
_bPradel Henriquez
260 _aPort-au-Prince :
_bHenri Deschamps,
_c2002
300 _a114 p.
942 _2lcc
_cbk
999 _c13219
_d13219